000 00651nam a22001937a 4500
003 0
005 20230823150156.0
008 230823b xxu||||| |||| 00| 0 eng d
020 _a9789711002268
050 _aDS 673.8
_b.Sc36 2022
100 _aScott, William Henry
245 _aPrehispanic source materials for the study of Philippine history
_cWilliam Henry Scott
260 _aQuezon City
_bNew Day Publishers
_cc2022.
300 _axviii, 196 pages :
_bill. ;
_c23 cm.
500 _aPhilippines--history--sources.
504 _aIncludes bibliographical references and index.
654 _aPhilippines--history--sources.
942 _2lcc
_cBK
999 _c365192
_d365192